000
00286nam a2200109Ia 4500
005
20251222144643.0
008
251222s9999||||xx |||||||||||||| ||spa||
082
_a
362.829.2/P85
245
0
_a
Legislación sobre Violencia Familiar
264
_b
Presidencia de la República
942
_c
LIB
999
_c
16752
_d
16752